000 01501nam0a22003611 4500
001 v19\rc\1985679
005 20251118181232.8
035 _a(NLR Aleph) 005070182
090 _a7087324
_c7087324
100 _a20080623d1914 u y0rusy50 ca
101 1 _arus
_ceng
102 _aRU
105 _aac z |||||
200 1 _aУсовершенствованная система сдельной платы
_fФ.В. Тэйлор
_gПер. под ред. [и с предисл.] преп. Артиллер. акад. А.В. Панкина и горн. инж. Л.А. Левенстерн
210 _aСанкт-Петербург
_cЛ.А. Левенстерн
_d1914
215 _a[4], XVIII, 3-63 с., 1 л. портр.
_cтабл., граф.
_d19
532 1 3 _aУсовершенствованная система сдельной платы
700 1 _6z01790
_aТейлор
_bФ.У.
_f1856-1915
_gФредерик Уинслоу
702 1 _aПанкин
_bА.В.
_f1876-
_gАлександр Васильевич
_4340
_4080
702 1 _aЛевенстерн
_bЛ.А.
_gЛеонтий Арнольдович
_4340
_4080
790 1 _6z01700
_aТейлор
_bФ.В.
_f1856-1915
801 0 _aRU
_bNLR
_gpsbo
801 0 _aRU
_bRuMoRGB
_2psbo
801 1 _aRU
_bProSoft-M
_2rusmarc
852 _aNLR
_j37.55.7.156
899 _aRuMoRGB
_jM 68/165
899 _aRuMoRGB
_jV 32/253
899 _aБАН
899 _aНБ СПбГУ
899 _aГПИБ
942 _cBOOK
980 _aNB